<?xml version="1.0" encoding="UTF-8"?>
<record
    xmlns:xsi="http://www.w3.org/2001/XMLSchema-instance"
    xsi:schemaLocation="http://www.loc.gov/MARC21/slim http://www.loc.gov/standards/marcxml/schema/MARC21slim.xsd"
    xmlns="http://www.loc.gov/MARC21/slim">

  <leader>00584nam a2200181Ia 4500</leader>
  <controlfield tag="008">090122s9999    xx            000 0 und d</controlfield>
  <datafield tag="082" ind1=" " ind2=" ">
    <subfield code="b">12121</subfield>
  </datafield>
  <datafield tag="100" ind1=" " ind2=" ">
    <subfield code="a">&#x939;&#x933;&#x92C;&#x947;</subfield>
    <subfield code="b">&#x927;&#x928;&#x936;&#x94D;&#x930;&#x940;</subfield>
  </datafield>
  <datafield tag="245" ind1=" " ind2=" ">
    <subfield code="a">&#x905;&#x938;&#x902;&#x939;&#x940; &#x918;&#x921;&#x924;&#x902; &#x915;&#x927; &#x915;&#x927;&#x940;</subfield>
  </datafield>
  <datafield tag="260" ind1=" " ind2=" ">
    <subfield code="b">&#x91C;&#x94D;&#x91E;&#x93E;&#x928;&#x926;&#x924;&#x94D;&#x924;</subfield>
    <subfield code="c">--</subfield>
  </datafield>
  <datafield tag="300" ind1=" " ind2=" ">
    <subfield code="a">293</subfield>
  </datafield>
  <datafield tag="501" ind1=" " ind2=" ">
    <subfield code="a">&#x932;&#x932;&#x93F;&#x924; &#x935;&#x93F;&#x924;&#x930;&#x923; / &#x92C;&#x93F;. &#x928;. 205-19.9.07</subfield>
  </datafield>
  <datafield tag="600" ind1=" " ind2=" ">
    <subfield code="a">&#x939;&#x933;&#x92C;&#x947;</subfield>
  </datafield>
  <datafield tag="630" ind1=" " ind2=" ">
    <subfield code="a">&#x905;&#x938;&#x902;&#x939;&#x940; &#x918;&#x921;&#x924;&#x902; &#x915;&#x927; &#x915;&#x927;&#x940;</subfield>
  </datafield>
  <datafield tag="700" ind1=" " ind2=" ">
    <subfield code="a">&#x939;&#x933;&#x92C;&#x947;</subfield>
  </datafield>
  <datafield tag="730" ind1=" " ind2=" ">
    <subfield code="a">&#x905;&#x938;&#x902;&#x939;&#x940; &#x918;&#x921;&#x924;&#x902; &#x915;&#x927; &#x915;&#x927;&#x940;</subfield>
  </datafield>
  <datafield tag="942" ind1=" " ind2=" ">
    <subfield code="c">BOOK</subfield>
  </datafield>
  <datafield tag="999" ind1=" " ind2=" ">
    <subfield code="c">36198</subfield>
    <subfield code="d">36198</subfield>
  </datafield>
  <datafield tag="952" ind1=" " ind2=" ">
    <subfield code="0">0</subfield>
    <subfield code="1">0</subfield>
    <subfield code="4">0</subfield>
    <subfield code="7">0</subfield>
    <subfield code="a">DOMGRANTH</subfield>
    <subfield code="b">DOMGRANTH</subfield>
    <subfield code="d">2009-01-22</subfield>
    <subfield code="e">&#x932;&#x932;&#x93F;&#x924; &#x935;&#x93F;&#x924;&#x930;&#x923; / &#x92C;&#x93F;. &#x928;. 205-19.9.07</subfield>
    <subfield code="g">280.00</subfield>
    <subfield code="l">0</subfield>
    <subfield code="o">12121</subfield>
    <subfield code="p">DOM-12121</subfield>
    <subfield code="r">2009-01-22 00:00:00</subfield>
    <subfield code="t">1</subfield>
    <subfield code="v">280.00</subfield>
    <subfield code="w">2009-01-22</subfield>
    <subfield code="y">BOOK</subfield>
  </datafield>
</record>
